OPEP: Imperialismo y tercer mundo /

Guardado en:
書目詳細資料
主要作者: Rubio Correa, Marcial
Autores Corporativos: Centro de Estudios y Promoción del Desarrollo, DESCO
格式: Texto
出版: Lima: DESCO
標簽: 添加標簽
沒有標簽, 成為第一個標記此記錄!

MARC

LEADER 00000 a a2200000 04500
001 22485
003
040
090 |a 153700  
100 |a Rubio Correa, Marcial  
110 |a Centro de Estudios y Promoción del Desarrollo  
245 |a OPEP: Imperialismo y tercer mundo /  |c Centro de Estudios y Promoción del Desarrollo  
260 |a Lima:   |b DESCO  
300 |a 159 p  
710 |a DESCO  
999 |c 15131  |d 15131